000 00691nam a22002175i 4500
001 172344
003 ES-MaACL
005 20231222172316.0
008 090625s1962 sp |||| | spa d
080 _a75 Guevara Sández, José
100 1 _aAreán, Carlos,
_d1921-1996
_922562
245 1 0 _aGuevara /
_cCarlos Antonio Areán.
250 _a1ª ed.
260 _aSantander :
_bLa Isla de los Ratones,
_c1962.
300 _a53 p. :
_bil. ;
_c17 cm.
490 1 _aColección de arte bisonte ;
_v6
600 1 4 _aGuevara Sánchez, José.
_9140860
830 0 _aColección de arte bisonte ;
_v6
_9189074
852 _aES-MaACL
_j2252-F-8
_9R.144585
999 _c172344
_d172344